Weiter zum Inhalt

Метод и измерительная система теплового неразрушающего контроля структурных переходов в полимерных материалах

Изложены теоретические и практические аспекты принципа действия неразрушающего метода и измерительной системы, разработанные для контроля температурных характеристик структурных переходов в полимерах. Сформулирована математическая модель температурного поля в изделии из полимерного материала. Получе...

Ausführliche Beschreibung

Gespeichert in:
Bibliographische Detailangaben
1. Verfasser: Попов О. Н.
Weitere Verfasser: Майникова Н. Ф., Рогов И. В., Грибков А. Н.
Format: Книга
Sprache:Russian
Veröffentlicht: Тамбов ТГТУ 2020
Online Zugang:https://e.lanbook.com/book/320288
https://e.lanbook.com/img/cover/book/320288.jpg
Tags: Tag hinzufügen
Keine Tags, Fügen Sie den ersten Tag hinzu!
LEADER 02738nam0a2200325 i 4500
001 320288
003 RuSpLAN
005 20240216150941.0
008 240216s2020 ru gs 000 0 rus
020 |a 978-5-8265-2258-5 
040 |a RuSpLAN 
041 0 |a rus 
044 |a ru 
080 |a 536.2 
084 |a Ж3-306.3  |2 rubbk 
245 0 0 |a Метод и измерительная система теплового неразрушающего контроля структурных переходов в полимерных материалах  |c Попов О. Н.,Майникова Н. Ф.,Рогов И. В.,Грибков А. Н. 
260 |a Тамбов  |b ТГТУ  |c 2020 
300 |a 145 с. 
500 |a Утверждено Учёным советом университета в качестве учебного пособия для магистрантов, обучающихся по направлению 13.04.01 «Теплоэнергетика и теплотехника» 
504 |a Библиогр.: доступна в карточке книги, на сайте ЭБС Лань 
520 8 |a Изложены теоретические и практические аспекты принципа действия неразрушающего метода и измерительной системы, разработанные для контроля температурных характеристик структурных переходов в полимерах. Сформулирована математическая модель температурного поля в изделии из полимерного материала. Получены расчётные соотношения, положенные в основу метода. Определены оптимальные режимные параметры метода и рациональные конструкционные размеры измерительного устройства, обеспечивающие минимальные погрешности измерения. Предназначено для магистрантов, обучающихся по направлению 13.04.01 «Теплоэнергетика и теплотехника». 
521 8 |a Книга из коллекции ТГТУ - Инженерно-технические науки 
521 8 |a СЭБ 
100 1 |a Попов О. Н. 
700 1 |a Майникова Н. Ф. 
700 1 |a Рогов И. В. 
700 1 |a Грибков А. Н. 
856 4 |u https://e.lanbook.com/book/320288 
856 4 8 |u https://e.lanbook.com/img/cover/book/320288.jpg 
953 |a https://e.lanbook.com/img/cover/book/320288.jpg 
Cannot write session to /tmp/vufind_sessions/sess_b7k4kbl14buf8ldeihqaq9hb5c